Normal view MARC view

Entry Personal Name

Number of records used in: 2

001 - CONTROL NUMBER

  • control field: 78956

003 - CONTROL NUMBER IDENTIFIER

  • control field: dpl

005 - DATE AND TIME OF LATEST TRANSACTION

  • control field: 20250301113550.0

008 - FIXED-LENGTH DATA ELEMENTS

  • fixed length control field: 250301|| aca||aabn | a|a d

040 ## - CATALOGING SOURCE

  • Original cataloging agency: dpl
  • Transcribing agency: dpl

100 ## - HEADING--PERSONAL NAME

  • Personal name: शर्मा, राजेंद्र प्रसाद

670 ## - SOURCE DATA FOUND

  • Source citation: Work cat.: (dpl)209878: सामान्य अध्ययन पेपर I सॉल्वड पेपर्स 2011—2024, 2025

© Delhi Public Library
Hit Counter
free hit counter